| 000 | 00645nam a22002297i 4500 | ||
|---|---|---|---|
| 003 | URS | ||
| 005 | 20220114152645.0 | ||
| 008 | 170412b xxu||||| |||| 00| 0 eng d | ||
| 022 | _20874251915 | ||
| 040 |
_erda _cURSP-College Library _beng |
||
| 050 | _b658 G53 1993 | ||
| 100 | 1 | _aGoad, Tom W. | |
| 245 |
_aThe Handbook of HRD Technology _cTom W. Goad |
||
| 264 | 1 |
_aMassachusetts _bHRD Press, Incorporated _c1993. |
|
| 300 |
_ax, 226pages _c25cm. |
||
| 336 |
_atext _btxt _2rdacontent |
||
| 337 |
_aunmediated _bn _2rdamedia |
||
| 338 |
_avolume _bnc _2rdacarrier |
||
| 500 | _aIncludes references | ||
| 650 | 0 | _atechnology. | |
| 942 |
_2lcc _cFR |
||
| 999 |
_c7190 _d7190 |
||